000 00746nmm a2200205 4500
001 86306
003 ES-MaACL
005 20230906175422.0
007 t|
008 041223s1999 sp m | | 101 m spa d
080 _a026:7(063)
111 2 _aEncuentro de Bibliotecas de Arte de España y Portugal (
_n7º.
_d1999.
_cMadrid)
_9618
245 1 0 _aVII Encuentros BAEP [
_hRecurso electrónico]
_b: [ponencias].
246 3 _aEncuentros BAEP
_b: ponencias [
_hRecurso electrónico]
260 _a[Santander] :
_bFundación Marcelino Botín,
_c1999.
300 _a1 disco compacto (CD-ROM) ;
_c12 cm.
650 1 4 _aBibliotecas de arte-
_vCongresos y asambleas.
_910542
710 2 _aFundación Marcelino Botín.
_94365
852 _aES-MaACL
_jROT 1/5/17
999 _c86306
_d86306